=LDR 00000nam 2200000 4500 =001 INLIS000000000044048 =005 20131008104453 =008 ***********************************Ind** =035 ##$$0010-101300000001970 =041 ##$$a Ind =082 ##$$a 532 =090 ##$$a 532, Har m =100 ##$$a Harianja, Biassar =245 ##$$a Mekanika teknik, Statika dalam analisis struktur berbentuk rangkai, Biasar Harianja =260 ##$$a 1996 $b Jakarta =300 ##$$a 228 hlm., 1996 =650 ##$$a Statistika =850 ##$$a NBPNMAT =990 ##$$a 0001/BPAP-NTB/2015